Service provision for the poor public and private sector cooperation
Sparad:
| Materialtyp: | Bok |
|---|---|
| Språk: | Undetermined |
| Publicerad: |
Washington DC
The World Bank
2004
|
| Taggar: |
Lägg till en tagg
Inga taggar, Lägg till första taggen!
|
| Thư viện lưu trữ: | Trung tâm Học liệu Trường Đại học Cần Thơ |
|---|
| LEADER | 00469nam a2200157Ia 4500 | ||
|---|---|---|---|
| 001 | CTU_62759 | ||
| 008 | 210402s9999 xx 000 0 und d | ||
| 082 | |a 362.58 | ||
| 082 | |b S511 | ||
| 245 | 0 | |a Service provision for the poor public and private sector cooperation | |
| 245 | 0 | |c edited by Gudrun Kochendorfer-Lucius | |
| 260 | |a Washington DC | ||
| 260 | |b The World Bank | ||
| 260 | |c 2004 | ||
| 904 | |i MInh | ||
| 980 | |a Trung tâm Học liệu Trường Đại học Cần Thơ | ||